| 000 | 00483nam a22001577a 4500 | ||
|---|---|---|---|
| 003 | SISC | ||
| 005 | 20161004145700.0 | ||
| 008 | 161004b xxu||||| |||| 00| 0 eng d | ||
| 020 | _a9781680941296 | ||
| 050 |
_aQA 76.73 _b.C738 2015 |
||
| 245 |
_aComputer science handbook / _ceditor Pauline Dauksza. |
||
| 260 |
_aNew York : _bArcler Press, _c2015. |
||
| 300 |
_a286 pages : _billustrations ; _c24 cm. |
||
| 500 | _aIncludes bibliographical references and indexes. | ||
| 942 |
_2lcc _cBK |
||
| 999 |
_c305145 _d305145 |
||